[Event "TCh-HUN 2017-18"]
[Site "Hungary HUN"]
[Date "2018.02.18"]
[Round "6.7"]
[White "Terbe, Zsuzsanna"]
[Black "Petenyi, Tamas"]
[Result "0-1"]
[WhiteTitle "WFM"]
[BlackTitle "IM"]
[WhiteElo "2170"]
[BlackElo "2454"]
[WhiteTeam "MTK Budapest"]
[BlackTeam "HVSE-Infraplan"]
[WhiteFideId "708801"]
[BlackFideId "14909090"]
[EventDate "2017.11.25"]
[EventType "team-tourn"]

1. d4 g6 2. Nf3 Bg7 3. Bf4 d6 4. e3 Nf6 5. h3 O-O 6. Be2 b6 7. O-O Bb7 8. a4 a5
9. c3 Nbd7 10. Bh2 Re8 11. Na3 e6 12. Qb3 Ne4 13. Rad1 f5 14. Nd2 Nxd2 15. Rxd2
Qg5 16. Bg3 Nf6 17. Rd3 Ne4 18. Bf4 Qh4 19. Bf3 g5 20. Bg3 Qh6 21. Rdd1 g4 22.
Bf4 Qg6 23. hxg4 fxg4 24. Be2 Bh6 25. Bxh6 Qxh6 26. Bxg4 Kh8 27. c4 Rg8 28. f3
Ng3 29. d5 Rxg4 30. fxg4 Qh1+ 31. Kf2 Nxf1 0-1

[Event "TCh-HUN 2017-18"]
[Site "Hungary HUN"]
[Date "2018.02.18"]
[Round "6.8"]
[White "Kiss, Attila"]
[Black "Berta, Sandor"]
[Result "1/2-1/2"]
[WhiteTitle "IM"]
[WhiteElo "2359"]
[BlackElo "2122"]
[WhiteTeam "HVSE-Infraplan"]
[BlackTeam "MTK Budapest"]
[WhiteFideId "700630"]
[BlackFideId "713775"]
[EventDate "2017.11.25"]
[EventType "team-tourn"]

1. d4 g6 2. c4 Bg7 3. Nf3 Nf6 4. g3 O-O 5. Bg2 d6 6. O-O c6 7. Nc3 Qa5 8. h3 Be6
9. Qd3 Na6 10. a3 Rab8 11. Bd2 Qd8 12. Rac1 Nc7 13. Ng5 Bd7 14. e4 e5 15. Be3 b5
16. dxe5 dxe5 17. Rfd1 h6 18. Nf3 Re8 19. cxb5 Nxb5 20. Nxb5 Rxb5 21. Bxa7 Qa8
22. Bc5 Rxb2 23. Nd2 Be6 24. Nc4 Bxc4 25. Qxc4 Rd8 26. Be7 Rxd1+ 27. Rxd1 Qa7
28. Bc5 Qa5 29. Bb4 Qa7 30. Qc5 Qxc5 31. Bxc5 Rc2 32. Be7 Rc4 33. f3 Nh5 34.
Rd8+ Kh7 35. Kh2 Rc2 36. Rd7 Kg8 37. Rd8+ Kh7 38. Rd7 Kg8 39. h4 Bf6 40. Kh3 c5
41. Bxf6 1/2-1/2

[Event "TCh-HUN 2017-18"]
[Site "Hungary HUN"]
[Date "2018.02.18"]
[Round "6.9"]
[White "Laza, Szabolcs"]
[Black "Csonka, Attila Istvan"]
[Result "0-1"]
[BlackTitle "IM"]
[WhiteElo "2173"]
[BlackElo "2366"]
[WhiteTeam "MTK Budapest"]
[BlackTeam "HVSE-Infraplan"]
[WhiteFideId "741345"]
[BlackFideId "716529"]
[EventDate "2017.11.25"]
[EventType "team-tourn"]

1. b3 Nf6 2. Bb2 e6 3. Nf3 d5 4. e3 Be7 5. Be2 O-O 6. O-O b6 7. Ne5 Bb7 8. f4 c5
9. d3 Nc6 10. Nd2 Nxe5 11. Bxe5 Nd7 12. Bb2 Bf6 13. Bxf6 Qxf6 14. Bg4 Rad8 15.
Qe2 Rfe8 16. Nf3 d4 17. Nd2 dxe3 18. Nc4 Nf8 19. Qxe3 Qd4 20. Rae1 f6 21. Bh5 g6
22. Bf3 Bxf3 23. Rxf3 Re7 24. Rf2 b5 25. Nd2 Rc7 26. Qg3 Rc6 27. Ne4 Kf7 28. Qf3
Rc7 29. Qg3 Rdd7 30. Qf3 Kg7 31. Nd2 Qc3 32. Qd1 c4 33. Nb1 Qd4 34. Re4 Qxe4 0-1

[Event "TCh-HUN 2017-18"]
[Site "Hungary HUN"]
[Date "2018.02.18"]
[Round "6.11"]
[White "Boros, Daniel"]
[Black "Nagy, Bence"]
[Result "0-1"]
[BlackTitle "FM"]
[WhiteElo "2272"]
[BlackElo "2357"]
[WhiteTeam "MTK Budapest"]
[BlackTeam "HVSE-Infraplan"]
[WhiteFideId "704091"]
[BlackFideId "718920"]
[EventDate "2017.11.25"]
[EventType "team-tourn"]

1. Nf3 Nf6 2. g3 g6 3. Bg2 Bg7 4. O-O O-O 5. d3 d5 6. Nbd2 c5 7. e4 Nc6 8. Re1
e5 9. c3 h6 10. Qc2 Be6 11. exd5 Nxd5 12. Nc4 Qc7 13. a4 Rfe8 14. Be3 b6 15.
Rad1 Rad8 16. Bc1 Bf5 17. h3 g5 18. h4 g4 19. Nh2 h5 20. Bxd5 Rxd5 21. Ne3 Qd7
22. Nxd5 Qxd5 23. Qe2 Rd8 24. f3 Bxd3 25. Qf2 f5 26. Bg5 Rd7 27. fxg4 hxg4 28.
Nf1 c4 29. Ne3 Qe6 30. Rxd3 cxd3 31. Qxf5 Qxf5 32. Nxf5 e4 33. Rxe4 Ne5 34. Kg2
d2 0-1

[Event "TCh-HUN 2017-18"]
[Site "Hungary HUN"]
[Date "2018.02.18"]
[Round "6.12"]
[White "Szukics, Adam"]
[Black "Honos, Attila"]
[Result "1/2-1/2"]
[BlackTitle "FM"]
[WhiteElo "2061"]
[BlackElo "2207"]
[WhiteTeam "HVSE-Infraplan"]
[BlackTeam "MTK Budapest"]
[WhiteFideId "751871"]
[BlackFideId "701459"]
[EventDate "2017.11.25"]
[EventType "team-tourn"]

1. e4 d5 2. exd5 Qxd5 3. Nf3 Nf6 4. d4 Bg4 5. Be2 e6 6. c4 Qd6 7. Nc3 a6 8. h3
Bh5 9. O-O Be7 10. Be3 O-O 11. a3 Nc6 12. b4 Rad8 13. Qb3 e5 14. d5 Bxf3 15. Bc5
Nd4 16. Bxd6 Nxb3 17. Bxe7 Bxe2 18. Nxe2 Nxa1 1/2-1/2

[Event "TCh-HUN 2017-18"]
[Site "Hungary HUN"]
[Date "2018.02.18"]
[Round "6.1"]
[White "Mihok, Oliver"]
[Black "Kravtsiv, Martyn"]
[Result "0-1"]
[WhiteTitle "GM"]
[BlackTitle "GM"]
[WhiteElo "2543"]
[BlackElo "2677"]
[WhiteTeam "Duocor-Makoi SVSE"]
[BlackTeam "DVTK"]
[WhiteFideId "728012"]
[BlackFideId "14113147"]
[EventDate "2017.11.25"]
[EventType "team-tourn"]

1. e4 e5 2. Nf3 Nc6 3. Bb5 a6 4. Ba4 Nf6 5. d4 exd4 6. O-O Be7 7. e5 Ne4 8. Nxd4
O-O 9. Nf5 d5 10. Nxe7+ Nxe7 11. c3 Nc5 12. Bc2 Bf5 13. Na3 Bxc2 14. Nxc2 Qd7
15. Be3 Ne6 16. f4 f5 17. Nd4 Nc6 18. Nxe6 Qxe6 19. b4 Rfd8 20. Bd4 Rd7 21. a4
Nd8 22. Qd3 Qf7 23. g4 g6 24. Ra2 Ne6 25. Rg2 Rf8 26. Bc5 Nxc5 27. bxc5 fxg4 28.
Rxg4 Qf5 29. Qxf5 Rxf5 30. Rb1 c6 31. Kf2 Rdf7 32. Ke3 Kf8 33. a5 g5 34. e6 Re7
35. Rxg5 Rxe6+ 36. Kf3 Rf7 37. Kg4 Re2 38. Rf5 Rg2+ 39. Kf3 Rxf5 40. Kxg2 Rxf4
41. Rxb7 Rc4 42. Rxh7 Rxc5 43. Rc7 Rxc3 44. Ra7 d4 45. h4 c5 46. Rxa6 Ra3 47.
Kf2 c4 48. Rc6 c3 49. a6 d3 50. Ke3 d2 51. Ke2 Ra1 0-1

[Event "TCh-HUN 2017-18"]
[Site "Hungary HUN"]
[Date "2018.02.18"]
[Round "6.2"]
[White "Hera, Imre Jr."]
[Black "Sipos, Istvan"]
[Result "1/2-1/2"]
[WhiteTitle "GM"]
[BlackTitle "IM"]
[WhiteElo "2616"]
[BlackElo "2468"]
[WhiteTeam "DVTK"]
[BlackTeam "Duocor-Makoi SVSE"]
[WhiteFideId "716855"]
[BlackFideId "720631"]
[EventDate "2017.11.25"]
[EventType "team-tourn"]

1. d4 Nf6 2. Nf3 e6 3. Bf4 b6 4. e3 Bb7 5. Nbd2 Bd6 6. Bg3 Ne4 7. Nxe4 Bxe4 8.
Bd3 Bxd3 9. Qxd3 Nc6 10. O-O-O Be7 11. d5 Nb4 12. Qd4 Nxd5 13. Qxg7 Bf6 14. Qh6
Qe7 15. a3 Rg8 16. e4 Bg7 17. Qd2 Qf6 18. e5 Qh6 19. c4 Qxd2+ 20. Nxd2 Ne7 21.
Ne4 Nf5 22. Bf4 Bh8 23. g3 O-O-O 24. Rd3 h6 25. h3 Rg6 26. g4 Ne7 27. Bg3 h5 28.
gxh5 Rh6 29. Ng5 Rxh5 30. Nxf7 Rf8 31. Nxh8 Rfxh8 32. Rhd1 Rxh3 33. Rxd7 Nf5 34.
R7d3 Rg8 35. Rg1 Rg5 36. Kc2 Nxg3 37. Rdxg3 Rhxg3 38. Rxg3 1/2-1/2

[Event "TCh-HUN 2017-18"]
[Site "Hungary HUN"]
[Date "2018.02.18"]
[Round "6.3"]
[White "Csonka, Balazs"]
[Black "Szabo, Gergely-Andras-Gyula"]
[Result "1/2-1/2"]
[WhiteTitle "FM"]
[BlackTitle "GM"]
[WhiteElo "2451"]
[BlackElo "2548"]
[WhiteTeam "Duocor-Makoi SVSE"]
[BlackTeam "DVTK"]
[WhiteFideId "742910"]
[BlackFideId "1205064"]
[EventDate "2017.11.25"]
[EventType "team-tourn"]

1. Nf3 c5 2. c4 Nc6 3. Nc3 e5 4. e3 Nf6 5. d4 e4 6. Ng5 cxd4 7. exd4 Bb4 8. d5
Ne5 9. Qd4 d6 10. Nxe4 Nxe4 11. Qxe4 O-O 12. Be2 f5 13. Qf4 Ng6 14. Qd2 f4 15.
a3 Ba5 16. b4 Bb6 17. Bb2 Qh4 18. c5 dxc5 19. bxc5 Ba5 20. g3 fxg3 21. fxg3 Qe7
22. d6 Qe5 23. O-O-O Qxc5 24. Qd5+ Qxd5 25. Nxd5 1/2-1/2

[Event "TCh-HUN 2017-18"]
[Site "Hungary HUN"]
[Date "2018.02.18"]
[Round "6.4"]
[White "Antal, Gergely"]
[Black "Tatar Kis, Szabolcs"]
[Result "1-0"]
[WhiteTitle "GM"]
[BlackTitle "IM"]
[WhiteElo "2525"]
[BlackElo "2378"]
[WhiteTeam "DVTK"]
[BlackTeam "Duocor-Makoi SVSE"]
[WhiteFideId "717312"]
[BlackFideId "702595"]
[EventDate "2017.11.25"]
[EventType "team-tourn"]

1. e4 c6 2. d4 d5 3. e5 Bf5 4. h4 h6 5. g4 Bd7 6. Be3 c5 7. dxc5 Nc6 8. Qxd5
Bxg4 9. Nc3 Qxd5 10. Nxd5 O-O-O 11. Nf4 Nxe5 12. Nd3 Nxd3+ 13. Bxd3 Nf6 14. c6
bxc6 15. f3 Bh5 16. Bxa7 Kb7 17. Bc5 e5 18. Bxf8 Rhxf8 19. Kf2 Nd5 20. Re1 f6
21. Ne2 Nb4 22. Nc1 Kb6 23. a3 Nxd3+ 24. Nxd3 Bg6 25. Re3 Bxd3 26. Rxd3 Rxd3 27.
cxd3 Rd8 28. Ke3 h5 29. Rg1 Rd4 30. Rxg7 Rxh4 31. Rh7 Kb5 32. Rh6 Rf4 33. Rxh5
Ka4 34. Rh8 Kb5 35. Rg8 c5 36. Rg4 Rf5 37. f4 exf4+ 38. Rxf4 Re5+ 39. Kd2 Re6
40. Kc3 Rc6 41. Rf5 Ka4 42. Rd5 Rc8 43. Rd6 1-0

[Event "TCh-HUN 2017-18"]
[Site "Hungary HUN"]
[Date "2018.02.18"]
[Round "6.5"]
[White "Hajnal, Zoltan"]
[Black "Korpa, Bence"]
[Result "1/2-1/2"]
[WhiteTitle "IM"]
[BlackTitle "GM"]
[WhiteElo "2370"]
[BlackElo "2483"]
[WhiteTeam "Duocor-Makoi SVSE"]
[BlackTeam "DVTK"]
[WhiteFideId "717754"]
[BlackFideId "706671"]
[EventDate "2017.11.25"]
[EventType "team-tourn"]

1. e4 c5 2. Nf3 e6 3. d4 cxd4 4. Nxd4 Nc6 5. Nc3 Qc7 6. Be3 Nf6 7. Qd2 Nxd4 8.
Qxd4 Ng4 9. Bc1 Qc5 10. Qxc5 Bxc5 11. Be2 Ne5 12. f4 Nc6 13. Bd2 d6 14. O-O-O a6
15. Rhe1 b5 16. Bf3 Nd4 17. Be3 Nxf3 18. gxf3 Ke7 19. e5 Bxe3+ 20. Rxe3 1/2-1/2

[Event "TCh-HUN 2017-18"]
[Site "Hungary HUN"]
[Date "2018.02.18"]
[Round "6.6"]
[White "Kozak, Adam"]
[Black "Nadj Hedjesi, Balind"]
[Result "1/2-1/2"]
[WhiteTitle "IM"]
[BlackTitle "IM"]
[WhiteElo "2422"]
[BlackElo "2311"]
[WhiteTeam "DVTK"]
[BlackTeam "Duocor-Makoi SVSE"]
[WhiteFideId "753246"]
[BlackFideId "934003"]
[EventDate "2017.11.25"]
[EventType "team-tourn"]

1. Nf3 b6 2. d4 Nf6 3. c4 e6 4. g3 Bb7 5. Bg2 c5 6. d5 exd5 7. cxd5 Bxd5 8. Nc3
Bc6 9. e4 Be7 10. O-O d6 11. Nh4 g6 12. Bh6 Nbd7 13. Re1 Qc7 14. Nd5 Bxd5 15.
exd5 Kd8 16. Qa4 Re8 17. Nf3 Ng8 18. Bf4 h6 19. h4 a6 20. Qc2 Bf6 21. a4 Ra7 22.
Rad1 Bg7 23. Qd2 Ndf6 24. Bh3 Qb8 25. Bf1 Re4 26. Rxe4 Nxe4 27. Qc2 f5 28. Nd2
Nxd2 29. Qxd2 a5 30. Re1 Re7 31. Rxe7 Kxe7 32. Qe3+ Be5 33. Bxh6 Nxh6 34. Qxh6
Qg8 35. Qg5+ Kf7 36. Bb5 Bf6 37. Qd2 Qd8 38. b3 Qe7 39. Ba6 Bd4 40. Bc8 Qe5 41.
Be6+ Kg7 42. Kh2 Qe4 43. Qg5 Qf3 44. Qe7+ Kh6 45. Qg5+ Kg7 46. Qe7+ Kh6 47. Qg5+
Kh7 48. Qe7+ Kh6 1/2-1/2

[Event "TCh-HUN 2017-18"]
[Site "Hungary HUN"]
[Date "2018.02.18"]
[Round "6.7"]
[White "Horvath, Zsolt"]
[Black "Berczes, David"]
[Result "0-1"]
[WhiteTitle "FM"]
[BlackTitle "GM"]
[WhiteElo "2381"]
[BlackElo "2493"]
[WhiteTeam "Duocor-Makoi SVSE"]
[BlackTeam "DVTK"]
[WhiteFideId "723070"]
[BlackFideId "722960"]
[EventDate "2017.11.25"]
[EventType "team-tourn"]

1. e4 e5 2. Nf3 Nc6 3. d3 d6 4. g3 g6 5. Bg2 Bg7 6. O-O Nge7 7. c4 O-O 8. Nc3 f5
9. h3 h6 10. Nd5 Nxd5 11. cxd5 Ne7 12. b4 Bd7 13. a4 g5 14. Bb2 Qc8 15. Kh2 Qe8
16. Nd2 h5 17. Nc4 f4 18. Bf3 g4 19. hxg4 hxg4 20. Bxg4 fxg3+ 21. Kg2 gxf2 22.
Bxd7 Qxd7 23. Qh5 Rf6 24. Rxf2 Rh6 25. Qf7+ Kh7 26. Qf3 Rf8 27. Qe3 Qg4+ 28. Qg3
Rxf2+ 29. Kxf2 Rf6+ 30. Kg2 Qe2+ 0-1

[Event "TCh-HUN 2017-18"]
[Site "Hungary HUN"]
[Date "2018.02.18"]
[Round "6.8"]
[White "Torma, Robert"]
[Black "Szalai, Kornel"]
[Result "1-0"]
[WhiteTitle "IM"]
[BlackTitle "IM"]
[WhiteElo "2484"]
[BlackElo "2397"]
[WhiteTeam "DVTK"]
[BlackTeam "Duocor-Makoi SVSE"]
[WhiteFideId "719030"]
[BlackFideId "724378"]
[EventDate "2017.11.25"]
[EventType "team-tourn"]

1. d4 g6 2. e4 Bg7 3. Nc3 c5 4. dxc5 Bxc3+ 5. bxc3 Qa5 6. Qd4 Nf6 7. Qb4 Qc7 8.
Nf3 Nc6 9. Qa4 O-O 10. Bd3 b6 11. cxb6 Qxb6 12. e5 Qc5 13. Qa3 Qxa3 14. Bxa3 Ng4
15. Be4 Rb8 16. Bxc6 dxc6 17. h3 Nh6 18. Bxe7 Re8 19. Bc5 Be6 20. O-O a5 21. Nd4
Bd5 22. g4 Rb2 23. Ba3 Rxa2 24. Rxa2 Bxa2 25. Nxc6 a4 26. Ra1 Bc4 27. Bc1 Kg7
28. Na5 Bb5 29. c4 Bd7 30. c5 Rc8 31. Be3 Ng8 32. Bd4 Kf8 33. c6 Bxc6 34. Nxc6
Rxc6 35. Rxa4 g5 36. Ra8+ Kg7 37. Ra7 Kg6 38. c3 f6 39. exf6 Nxf6 40. Bxf6 Rxf6
41. Re7 Ra6 42. Kf1 Ra2 43. Re3 Rc2 44. Rf3 Kg7 45. Ke1 Kg6 46. Kd1 Ra2 47. c4
Ra4 48. c5 Rc4 49. Rf5 h6 50. Kd2 h5 51. f3 1-0

[Event "TCh-HUN 2017-18"]
[Site "Hungary HUN"]
[Date "2018.02.18"]
[Round "6.9"]
[White "Joo, Janos"]
[Black "Nayhebaver, Martin"]
[Result "0-1"]
[BlackTitle "IM"]
[WhiteElo "2120"]
[BlackElo "2447"]
[WhiteTeam "Duocor-Makoi SVSE"]
[BlackTeam "DVTK"]
[WhiteFideId "725838"]
[BlackFideId "14923432"]
[EventDate "2017.11.25"]
[EventType "team-tourn"]

1. c4 g6 2. g3 Bg7 3. Bg2 e6 4. Nc3 Ne7 5. e3 d5 6. cxd5 exd5 7. d4 O-O 8. Nge2
c6 9. O-O a5 10. Nf4 Nd7 11. Nd3 Nf5 12. b3 Re8 13. Na4 Nd6 14. Bb2 Nf6 15. Re1
Bg4 16. Qc1 Bf5 17. Ne5 Ng4 18. Nxg4 Bxg4 19. Nc5 Qc8 20. Nd3 Bh3 21. Bh1 a4 22.
Ba3 Nb5 23. Bb4 Bf5 24. Qd2 Qc7 25. Rec1 axb3 26. axb3 Rxa1 27. Rxa1 Be4 28.
Bxe4 dxe4 29. Nb2 h5 30. Nc4 Qd7 31. Bc5 h4 32. Qc1 Bf6 33. Qf1 Kg7 34. Nb6 Qe6
35. b4 Rh8 36. Ra8 Rxa8 37. Nxa8 h3 38. Qd1 Bd8 39. Qa1 Kh7 40. Nb6 Bxb6 41.
Bxb6 Qg4 42. Bc5 Nc3 43. Kf1 Qe2+ 44. Kg1 Nd1 0-1

[Event "TCh-HUN 2017-18"]
[Site "Hungary HUN"]
[Date "2018.02.18"]
[Round "6.10"]
[White "Bagi, Mate"]
[Black "Restas, Peter"]
[Result "1/2-1/2"]
[WhiteTitle "IM"]
[BlackTitle "FM"]
[WhiteElo "2445"]
[BlackElo "2165"]
[WhiteTeam "DVTK"]
[BlackTeam "Duocor-Makoi SVSE"]
[WhiteFideId "742570"]
[BlackFideId "703478"]
[EventDate "2017.11.25"]
[EventType "team-tourn"]

1. e4 c5 2. Nf3 d6 3. d4 cxd4 4. Nxd4 Nf6 5. f3 e6 6. c4 Be7 7. Nc3 Nc6 8. Be3
O-O 9. Be2 d5 10. cxd5 exd5 11. Nxc6 bxc6 12. exd5 Nxd5 13. Nxd5 cxd5 14. O-O
Bf6 15. Bd4 Rb8 16. b3 Re8 17. Re1 Bf5 18. Qd2 Bxd4+ 19. Qxd4 Qa5 20. Qf2 h6 21.
Red1 Rbc8 22. Bd3 Be6 23. Rac1 Rc3 24. Rxc3 Qxc3 25. Bf1 a5 26. Qd4 Qb4 27. Qf2
Rc8 28. Rd4 Qc3 29. Rd2 Qa1 30. Qd4 Rc1 31. Qxa1 Rxa1 32. Kf2 Kf8 33. Bd3 Ke7
34. Ke3 Kd6 35. Kd4 g5 36. g3 Bd7 37. f4 gxf4 38. gxf4 Bh3 39. Rf2 f5 40. Rd2
Rg1 41. Re2 Rg4 42. Rf2 Rg1 43. Re2 Rg4 44. Rf2 Rg1 1/2-1/2

[Event "TCh-HUN 2017-18"]
[Site "Hungary HUN"]
[Date "2018.02.18"]
[Round "6.11"]
[White "Juhasz, Barbara"]
[Black "Hando, Vilmos"]
[Result "1-0"]
[WhiteTitle "WFM"]
[BlackTitle "FM"]
[WhiteElo "2190"]
[BlackElo "2400"]
[WhiteTeam "Duocor-Makoi SVSE"]
[BlackTeam "DVTK"]
[WhiteFideId "743585"]
[BlackFideId "731676"]
[EventDate "2017.11.25"]
[EventType "team-tourn"]

1. e4 c5 2. Nf3 e6 3. d3 d5 4. Nbd2 Nf6 5. g3 Be7 6. Bg2 Nc6 7. O-O O-O 8. Re1
b5 9. e5 Nd7 10. Nf1 a5 11. h4 a4 12. a3 b4 13. N1h2 Nb6 14. Bf4 d4 15. Ng5 Nd5
16. Qh5 h6 17. Ng4 hxg5 18. hxg5 g6 19. Qh6 Nxf4 20. gxf4 Nxe5 21. Nxe5 Ra7 22.
Be4 Bd6 23. Nc6 Qc7 24. Nxa7 Qxa7 25. Kg2 f5 26. gxf6 Rxf6 27. Rh1 Qg7 28. Qxg7+
Kxg7 29. axb4 Bd7 30. bxc5 Bxc5 31. Rh4 Be8 32. Rah1 a3 33. Rh7+ Kf8 34. Rc7 Be7
35. Rh8+ 1-0

[Event "TCh-HUN 2017-18"]
[Site "Hungary HUN"]
[Date "2018.02.18"]
[Round "6.12"]
[White "Medvegy, Nora"]
[Black "Leszko, Bence"]
[Result "1/2-1/2"]
[WhiteTitle "IM"]
[WhiteElo "2357"]
[BlackElo "2101"]
[WhiteTeam "DVTK"]
[BlackTeam "Duocor-Makoi SVSE"]
[WhiteFideId "705136"]
[BlackFideId "769070"]
[EventDate "2017.11.25"]
[EventType "team-tourn"]

1. e4 e6 2. d4 d5 3. Nd2 c5 4. exd5 Qxd5 5. dxc5 Nf6 6. Ngf3 Qxc5 7. Bd3 Nbd7 8.
O-O Qc7 9. Re1 Nc5 10. Bf1 Be7 11. c4 O-O 12. b4 Ncd7 13. Rb1 b6 14. Qb3 Bb7 15.
Bb2 Rfd8 16. Rbd1 Bd6 17. h3 Rac8 18. a3 h6 19. Nd4 a6 20. N2f3 Nf8 21. Qe3 Bf4
22. Qe2 Ng6 23. Nb3 Ne4 24. Qc2 Nf6 25. Nbd2 Bxd2 26. Nxd2 Qf4 27. Nb3 Nh4 28.
Qc3 Qg5 29. Qg3 Qxg3 30. fxg3 Rxd1 31. Rxd1 Nf5 32. Bxf6 gxf6 33. Kf2 Bc6 34. g4
Ba4 35. gxf5 Bxb3 36. Rd4 e5 37. Rd6 Bxc4 38. Rxb6 Bxf1 39. Kxf1 a5 40. bxa5 Rc3
41. Rxf6 Kg7 42. Rb6 Rxa3 43. a6 Ra2 44. g4 e4 45. Rc6 Kh7 46. Rc7 Kg7 47. a7
Kf6 48. h4 Ke5 49. Rxf7 Kf4 50. Rb7 Kf3 51. Rb1 Kxg4 52. f6 Rxa7 53. Ke2 Kxh4
54. Ke3 Kg5 55. Rf1 Rf7 1/2-1/2

[Event "TCh-HUN 2017-18"]
[Site "Hungary HUN"]
[Date "2018.02.18"]
[Round "6.1"]
[White "Gledura, Benjamin"]
[Black "Saric, Ivan"]
[Result "1/2-1/2"]
[WhiteTitle "GM"]
[BlackTitle "GM"]
[WhiteElo "2605"]
[BlackElo "2661"]
[WhiteTeam "HUSI SC"]
[BlackTeam "Penzugyor SE"]
[WhiteFideId "712779"]
[BlackFideId "14508150"]
[EventDate "2017.11.25"]
[EventType "team-tourn"]

1. Nf3 d5 2. d4 Nf6 3. c4 c6 4. e3 Bg4 5. Nc3 e6 6. h3 Bh5 7. g4 Bg6 8. Ne5 Nbd7
9. Nxg6 hxg6 10. Bg2 g5 11. Qb3 Qb6 12. Bd2 Be7 13. Qa4 Qc7 14. cxd5 exd5 15.
Qc2 Nb6 16. b3 g6 17. a4 a5 18. Ne2 Nbd7 19. f3 Nf8 20. f4 Ne6 21. O-O-O Qb6 22.
Rhf1 Rc8 23. f5 gxf5 24. Rxf5 c5 25. Bc3 c4 26. bxc4 Rxc4 27. Rdf1 Ne4 28. Bxe4
dxe4 29. Rxf7 Bb4 30. Qxe4 Bxc3 31. Rxb7 Qd6 32. Nxc3 Rxc3+ 33. Kd2 Ra3 34. Rb8+
Ke7 35. Qb7+ Nc7 36. Qe4+ Ne6 37. Qb7+ Nc7 38. Qe4+ 1/2-1/2

[Event "TCh-HUN 2017-18"]
[Site "Hungary HUN"]
[Date "2018.02.18"]
[Round "6.2"]
[White "Brkic, Ante"]
[Black "Pinter, Jozsef"]
[Result "1-0"]
[WhiteTitle "GM"]
[BlackTitle "GM"]
[WhiteElo "2573"]
[BlackElo "2539"]
[WhiteTeam "Penzugyor SE"]
[BlackTeam "HUSI SC"]
[WhiteFideId "14506688"]
[BlackFideId "700045"]
[EventDate "2017.11.25"]
[EventType "team-tourn"]

1. e4 e5 2. Nf3 Nc6 3. Bb5 a6 4. Ba4 Nf6 5. O-O Be7 6. Re1 b5 7. Bb3 O-O 8. c3
d6 9. h3 Na5 10. Bc2 c5 11. d4 Qc7 12. Nbd2 Rd8 13. b3 Bd7 14. Bb2 Rac8 15. Rc1
Nc6 16. Nf1 Qb7 17. Ne3 Re8 18. Nd5 Bd8 19. dxc5 dxc5 20. Qd2 Be6 21. Ng5 h6 22.
Nxe6 fxe6 23. Ne3 Ba5 24. Qe2 Qf7 25. a4 Rb8 26. Bd3 Qb7 27. Rb1 Kh8 28. Red1
Red8 29. axb5 axb5 30. Ra1 Bc7 31. h4 Na5 32. Bc2 Nc6 33. Bd3 Na5 34. Bc2 Nc6
35. Rxd8+ Rxd8 36. Bd3 Na5 37. Bxb5 Nxb3 38. Rd1 Rxd1+ 39. Nxd1 Qxe4 40. Qxe4
Nxe4 41. Bc4 Ned2 42. Bxe6 e4 43. Ne3 Be5 44. Bxb3 Nxb3 45. Nc4 Bf6 46. g3 g5
47. h5 Bd8 48. Kf1 Kg7 49. Ke2 Kf6 50. Nd6 Be7 51. c4+ Ke6 52. Nxe4 Kf5 53. f3
g4 54. Bc3 Bd8 55. Nd6+ Ke6 56. Nb7 gxf3+ 57. Kxf3 Bf6 58. Na5 Nd4+ 59. Bxd4
Bxd4 60. Nb3 Bg1 61. Kg2 Be3 62. Kf3 Bg1 63. Kf4 Bf2 64. Nd2 Bd4 65. Nf3 Bb2 66.
Ke4 Bc3 67. Nh2 Be5 68. Ng4 Bxg3 69. Nxh6 Be1 70. Ng4 Bc3 71. Kf4 Bd2+ 72. Ke4
Bc3 73. h6 Ba1 74. Kf4 Bb2 75. Kg5 Kf7 76. Kf5 Bd4 77. Ne5+ Kg8 78. Nf3 Bc3 79.
Kg6 Kf8 80. Nh4 Be5 81. Nf5 Kg8 82. h7+ Kf8 83. Nd6 Ke7 84. Nf7 1-0

[Event "TCh-HUN 2017-18"]
[Site "Hungary HUN"]
[Date "2018.02.18"]
[Round "6.3"]
[White "Havasi, Gergo"]
[Black "Shengelia, David"]
[Result "1-0"]
[WhiteTitle "IM"]
[BlackTitle "GM"]
[WhiteElo "2377"]
[BlackElo "2557"]
[WhiteTeam "HUSI SC"]
[BlackTeam "Penzugyor SE"]
[WhiteFideId "760293"]
[BlackFideId "13601270"]
[EventDate "2017.11.25"]
[EventType "team-tourn"]

1. e4 c5 2. Nf3 e6 3. d4 cxd4 4. Nxd4 Nf6 5. Bd3 Nc6 6. Nxc6 dxc6 7. O-O e5 8.
Qf3 Be6 9. Nd2 Qc7 10. Bc4 Bg4 11. Qg3 h5 12. Nf3 O-O-O 13. Ng5 Bc5 14. Qb3 Kb8
15. Nxf7 Nxe4 16. Nxh8 Nxf2 17. Be3 Ne4 18. Bxc5 Nd2 19. Qc3 e4 20. Nf7 1-0

[Event "TCh-HUN 2017-18"]
[Site "Hungary HUN"]
[Date "2018.02.18"]
[Round "6.4"]
[White "Horvath, Csaba"]
[Black "Stankovic, Milos"]
[Result "1/2-1/2"]
[WhiteTitle "GM"]
[BlackTitle "IM"]
[WhiteElo "2507"]
[BlackElo "2396"]
[WhiteTeam "Penzugyor SE"]
[BlackTeam "HUSI SC"]
[WhiteFideId "700118"]
[BlackFideId "938190"]
[EventDate "2017.11.25"]
[EventType "team-tourn"]

1. d4 Nf6 2. Nf3 g6 3. Nc3 d5 4. Bf4 Bg7 5. Nb5 Na6 6. e3 O-O 7. h3 Ne4 8. Nd2
Nxd2 9. Qxd2 Bf5 10. Be2 c6 11. Nc3 c5 12. Bxa6 bxa6 13. O-O Qa5 14. Rfd1 1/2-1/2

[Event "TCh-HUN 2017-18"]
[Site "Hungary HUN"]
[Date "2018.02.18"]
[Round "6.5"]
[White "Lajthajm, Borko"]
[Black "Horvath, Jozsef1"]
[Result "1/2-1/2"]
[WhiteTitle "GM"]
[BlackTitle "GM"]
[WhiteElo "2465"]
[BlackElo "2533"]
[WhiteTeam "HUSI SC"]
[BlackTeam "Penzugyor SE"]
[WhiteFideId "916358"]
[BlackFideId "700061"]
[EventDate "2017.11.25"]
[EventType "team-tourn"]

1. Nf3 Nf6 2. c4 e6 3. g3 d5 4. Bg2 dxc4 5. Na3 Bxa3 6. Qa4+ Nbd7 7. Qxa3 c5 8.
Qc3 O-O 9. Qxc4 b6 10. O-O Bb7 11. d4 Rc8 12. b3 Bd5 13. Qa4 Qc7 14. dxc5 Nxc5
15. Qh4 Qb7 16. Bb2 Ncd7 17. Rfd1 Rc2 18. Bxf6 Nxf6 19. Nd4 Rc5 20. f3 Qe7 21.
g4 h6 22. Rd2 Rfc8 23. Qe1 Bb7 24. Rad1 Nd5 25. e4 Nf4 26. Ne2 Nxe2+ 27. Qxe2
Rc1 28. Bf1 Rxd1 29. Rxd1 Qc5+ 30. Kg2 a6 31. Rd2 b5 32. Qf2 Qxf2+ 33. Kxf2 Kf8
34. a4 bxa4 35. bxa4 Rc5 36. Rb2 Bc6 37. Rb6 Bxa4 38. Rxa6 Bb5 39. Bxb5 Rxb5 40.
Ra8+ Ke7 41. h4 f5 42. gxf5 exf5 43. Kg3 g5 44. h5 Rb2 45. Ra7+ Kf6 46. exf5 Rb1
47. Rh7 Kxf5 48. Rxh6 Rh1 49. Rh8 Rh4 1/2-1/2